• 首页
  • 本馆介绍
  • 公告通知
  • 最新文献
  • 馆藏检索
  • 电子资源
  • 读者导购
  • 参考咨询
  • 我的图书馆
  • 登录
  • 详细信息显示
  • 放入我的书架
  • 预约/预借图书
  • 作者相关作品
  • 分类相关作品
  • 丛书相关作品
  • 出版社相关作品

书目信息

  • 表格格式
  • 工作单格式
  • 卡片格式
题名:
城忆
    
 
作者: 祁建 著
分册:  
出版信息: 北京   北京美术摄影出版社  2019.02
页数: 251页
开本: 22cm
丛书名: 京腔京韵话北京
单 册:
中图分类: G127.1
科图分类:
主题词: 地方文化--di fang wen hua--介绍--北京
电子资源:
ISBN: 978-7-5592-0237-6
000 01054nam 2200265 450
001 CAL 0120192856308
005 20230217093113.0
010    @a978-7-5592-0237-6@dCNY88.00
100    @a20191016d2019 em y0chiy0120 ea
101 0  @achi
102    @aCN@b110000
105    @aa z 000yy
106    @ar
200 1  @a城忆@Acheng yi@e旧事寻踪@f祁建著
210    @a北京@c北京美术摄影出版社@d2019.02
215    @a251页@c彩图@d22cm
225 2  @a京腔京韵话北京@Ajing qiang jing yun hua bei jing
330    @a本书是一本介绍北京风物的小书, 提起北京风物, 首先体现在北京人身上那些特有的生活方式, 包括体现出的某种文化特点的物质和精神层面的所有内容, 如饮食、节日、服饰、建筑、艺术, 中国人的生活习惯、宗教信仰、思维方式。作者祁建, 作为土生土长的北京人, 对北京的一草一木, 一景一物都有着自己的情怀与思考。
410  0 @12001 @a京腔京韵话北京
517 1  @a旧事寻踪@Ajiu shi xun zong
606 0  @a地方文化@Adi fang wen hua@x介绍@y北京
690    @aG127.1@v5
701  0 @a祁建@Aqi jian@4著
801  0 @aCN@bBJXHZP@c20230228
905    @b1406984-7@dG127.1@e352@f4
    
    城忆:旧事寻踪/祁建著.-北京:北京美术摄影出版社,2019.02
    251页:彩图;22cm.-(京腔京韵话北京)
    
    
    ISBN 978-7-5592-0237-6:CNY88.00
    本书是一本介绍北京风物的小书, 提起北京风物, 首先体现在北京人身上那些特有的生活方式, 包括体现出的某种文化特点的物质和精神层面的所有内容, 如饮食、节日、服饰、建筑、艺术, 中国人的生活习惯、宗教信仰、思维方式。作者祁建, 作为土生土长的北京人, 对北京的一草一木, 一景一物都有着自己的情怀与思考。
●
相关链接 在E读中查询图书 在五车中查询图书 在当当中查询图书 在豆瓣中查询图书


正题名:城忆     索取号:G127.1/352         预约/预借

序号 登录号 条形码 馆藏地/架位号 状态 备注
1 1406984   214069844   第一样本阅览室/ [索取号:G127.1/352] 在馆    
2 1406985   214069853   第四借阅区/ [索取号:G127.1/352] 在馆    
3 1406986   214069862   第四借阅区/ [索取号:G127.1/352] 在馆    
4 1406987   214069871   第四借阅区/ [索取号:G127.1/352] 在馆    
唐山师范学院图书馆 欢迎您!
大连网信软件有限公司© 版权所有